| 000 | 00436pab a2200169 454500 | ||
|---|---|---|---|
| 008 | 180718b2009 xxu||||| |||| 00| 0 eng d | ||
| 100 | _aNautiyal, Annpurna | ||
| 245 | _aUttarakhand: Congress outperforms its opponents | ||
| 260 | _c2009 | ||
| 300 | _ap.194-95. | ||
| 362 | _a26 Sep | ||
| 650 | _aElections - India - Uttarakhand | ||
| 650 | _aElections | ||
| 773 | _aEconomic and Political Weekly | ||
| 908 | _aN | ||
| 909 | _a83953 | ||
| 999 |
_c83953 _d83953 |
||